| 000 | 01656nam a22004217a 4500 | ||
|---|---|---|---|
| 003 | CHAP | ||
| 005 | 20220329143408.0 | ||
| 008 | 090330s2009 mx r 00010 spa d | ||
| 010 | _a95940 | ||
| 011 | _a96912 | ||
| 035 | _a107569 | ||
| 040 | _cCHAP | ||
| 090 | _aTesis | ||
| 100 | 1 |
_aSolís Pérez, Ana María. _9108457 |
|
| 245 | 1 | 0 |
_aInfluencia del fotoperiodo sobre la calidad seminal de carneros Suffolk y Pelibuey _c/por Ana María Solís Pérez |
| 260 |
_aChapingo, Méx. : _bEl autor, _c2008 |
||
| 300 |
_axiii, 57 h. : _bcuadros, gráfs. |
||
| 502 | _aTesis (Ing. Agr. Esp. en Zootecnia) -- UACH. Departamento de Enseñanza, Investigación y Servicio en Zootecnia | ||
| 530 | _aTambién disponible en línea | ||
| 590 |
_aALEPH _b10 _c20130110 _lUCH01 _h1527 |
||
| 590 |
_aBATCH-UPD _b10 _c20130110 _lUCH01 _h0544 |
||
| 590 |
_aBATCH-UPD _b10 _c20130110 _lUCH01 _h2315 |
||
| 590 |
_aBATCH-UPD _b10 _c20130410 _lUCH01 _h0225 |
||
| 590 |
_aBATCH-UPD _b10 _c20130914 _lUCH01 _h1320 |
||
| 590 |
_aBATCH-UPD _b10 _c20140324 _lUCH01 _h1510 |
||
| 590 |
_aBATCH-UPD _b10 _c20141002 _lUCH01 _h0839 |
||
| 590 |
_aCONVERSION _b10 _c20130109 _lUCH01 _h1353 |
||
| 650 | 1 | 4 |
_aEspermatozoides. _937839 |
| 650 | 1 | 4 |
_aGanado cabrío _xReproducción. _945043 |
| 650 | 1 | 4 |
_aGanado Suffolk. _945424 |
| 650 | 1 | 4 |
_aSemen _xGanado cabrío. _9103861 |
| 650 | 1 | 4 |
_aTemperatura _xEfecto en semen. _9112221 |
| 856 |
_3Finding aid _uhttp://10.13.5.2/tesis/107569.pdf _zTeclea aqui |
||
| 901 | _aBK | ||
| 942 | _cFOLL | ||
| 949 |
_aTesis _bBC _cTES _d33724002088248 _eTS1 _gDonaciØn _h48973 _i107569 _sb |
||
| 949 |
_aTesis _bBC _cTES _d33724002088280 _eTS2 _fc.2 _gDonaciØn _h48974 _i107569 _sb |
||
| 999 |
_c95940 _d95940 |
||